Escritos selectos

Este libro ofrece una amplia visión de las contribuciones de Emile Durkheim a la sociología y a la filosofía social. La obra está organizada en torno a los temas sustantivos sin intentar reproducir la cronología de su desarrollo intelectual.

Gardado en:
Detalles Bibliográficos
Autor Principal: Durkheim, Emile
Formato: Libro
Idioma:Spanish
Publicado: Buenos Aires: Ediciones Nueva Visión, 1993
Edición:1
Series:Obras de referencia
Subjects:
Acceso en liña:Enlace del recurso
Tags: Engadir etiqueta
Sen Etiquetas, Sexa o primeiro en etiquetar este rexistro!

MARC

LEADER 00000nam a2200000 a 4500
001 000531
008 021203s1993 ag # fr# #001|0#spa#d
020 |a 950-602-276-8 
041 0 |a spa 
043 |a s-ck--- 
082 0 4 |a 301  |b D864e 
100 1 |a Durkheim, Emile 
245 1 0 |a Escritos selectos   |c Emile Durkheim 
250 |a 1 
260 |a Buenos Aires:  |b Ediciones Nueva Visión,  |c 1993 
300 |a 267 p. 
440 0 |a Obras de referencia 
500 |a Incluye índice 
520 3 |a Este libro ofrece una amplia visión de las contribuciones de Emile Durkheim a la sociología y a la filosofía social. La obra está organizada en torno a los temas sustantivos sin intentar reproducir la cronología de su desarrollo intelectual. 
534 |p Título original:  |t Selected writings 
650 1 4 |a SOCIOLOGÍA 
650 1 4 |a FILOSOFÍA 
999 |c 2683  |d 2683 
856 |u https://catalogo.idep.edu.co/cgi-bin/koha/opac-detail.pl?biblionumber=2683  |z Enlace del recurso